000
00230nam a2200097Ia 4500
008
240331s9999 xx 000 0 und d
082
_b
MAL
100
_a
Sampath W. ed
245
0
_a
MALA :
_b
penkal chonna chinnak kathaikal
942
_c
L
999
_c
1670
_d
1670